00000000nam 2200000zi 4500
0019.954239
003CaOODSP
00520250820105725
006m     o  d f      
007cr mn ||||||||
008250814t20242024onc     obs  f000 0 fre d
040 |aCaOODSP|bfre|erda|cCaOODSP
043 |an-cn---
0861 |aCS82-003/2024-8-2F-PDF
1001 |aGupta, Shikha, |eauteur.
24510|aInsécurité alimentaire du ménage chez les personnes ayant une incapacité au Canada : |brésultats de l’Enquête canadienne sur le revenu de 2021 / |cpar Shikha Gupta, Daphne Fernandes, Nicole Aitken et Lawson Greenberg.
264 1|a[Ottawa] : |bStatistique Canada = Statistics Canada, |c2024.
264 4|c©2024
300 |a1 ressource en ligne (pages 16-29).
336 |atexte|btxt|2rdacontent/fre
337 |ainformatique|bc|2rdamedia/fre
338 |aressource en ligne|bcr|2rdacarrier/fre
4901 |aRapports sur la santé, |x1209-1375 ; |vvol. 35, no. 8, [2]
500 |aPublié aussi en anglais sous le titre : Household food insecurity among persons with disabilities in Canada : findings from the 2021 Canadian Income Survey.
500 |a« Date de diffusion : le 21 août 2024. Date de correction : le 30 août 2024. »
504 |aComprend des références bibliographiques (pages 14-15).
520 |a« L’insécurité alimentaire liée au revenu est un déterminant de la santé important. Les personnes ayant une incapacité sont exposées à un risque plus élevé d’insécurité alimentaire du ménage (IAM) que les personnes sans incapacité. Les principaux objectifs de la présente étude étaient d’estimer la prévalence de l’IAM chez les personnes dont les types d’incapacité, le nombre d’incapacités ainsi que leur gravité diffèrent et d’examiner les corrélations sociodémographiques de l’IAM pour ce groupe » -- Page 16.
650 6|aSécurité alimentaire|zCanada|vStatistiques.
650 6|aPersonnes handicapées|zCanada|vStatistiques.
655 7|aStatistiques|2rvmgf
7102 |aStatistique Canada, |eorganisme de publication.
77508|tHousehold food insecurity among persons with disabilities in Canada : |w(CaOODSP)9.954237
830#0|aRapports sur la santé (Collection)|x1209-1375 ; |vvol. 35, no. 8, [2].|w(CaOODSP)9.950257
85640|qPDF|s660 KB|uhttps://publications.gc.ca/collections/collection_2025/statcan/82-003-x/CS82-003-2024-8-2-fra.pdf
85641|qHTML|sS.O.|uhttps://www150.statcan.gc.ca/n1/pub/82-003-x/2024008/article/00002-fra.htm